Govt. of
Madhya Pradesh

Muslim wo-men in higher education in india (Record no. 68984)

MARC details
000 -LEADER
fixed length control field 00276nam a22001097a 4500
082 ## - DEWEY DECIMAL CLASSIFICATION NUMBER
Classification number 370/TAB
100 ## - MAIN ENTRY--AUTHOR NAME
Personal name Tabassum,Shahla
245 ## - TITLE STATEMENT
Title Muslim wo-men in higher education in india
260 ## - PUBLICATION, DISTRIBUTION, ETC. (IMPRINT)
Place of publication New delhi
Name of publisher Research india press
Year of publication 2020
650 ## - SUBJECT ADDED ENTRY--TOPICAL TERM
Topical Term Education
942 ## - ADDED ENTRY ELEMENTS (KOHA)
Koha item type Books
Holdings
Withdrawn status Lost status Damaged status Not for loan Home library Current library Date acquired Cost, normal purchase price Full call number Accession Number Price effective from Koha item type
        MACL MACL 08/04/2026 1295.00 370/TAB CRE040458 08/04/2026 Books